Türkiye, Avrupa, Avrasya: (Record no. 13647)

MARC details
000 -BAŞLIK
Sabit Uzunlukta Kontrol Alanı 00855nam a22002657a 4500
999 ## - SİSTEM KONTROL NUMARALARI (KOHA)
Koha Biblionumber 13647
Koha Biblioitemnumber 13647
003 - KONTROL NUMARASI IDENTIFIER
Denetim Alanı MIRAKIL
005 - SON İŞLEM TARİHİ VE ZAMANI
Denetim Alanı 20191205110843.0
008 - SABİT-BOY VERİ ELEMANLARI - GENEL BİLGİLER
Sabit Uzunlukta Kontrol Alanı 191205b tu ||||| |||| 00| 0 tur d
020 ## - ULUSLARARASI STANDART KİTAP NUMARASI
Uluslararası Standart Kitap Numarası 9756857889
040 ## - KATALOGLAMA KAYNAK
Orijinal Kataloglama Ajansı TR-AnCHP
Kataloglama Dili tur
Metne Dönüştürmek Ajansı TR-AnCHP
041 ## - DİL KODU
Metin / Ses Parça Veya Ayrı Başlığın Dil Kodu tur
082 ## - DEWEY ONLU SINIFLANDIRMA NUMARASI
Sınıflandırma Numarası 327.561
Ürün Numarası C35t 2004
100 ## - ANA GİRİŞ - KİŞİSEL İSİM
Kişisel Ad Cem, İsmail
245 ## - BAŞLIK TABLOSU
Başlık Türkiye, Avrupa, Avrasya:
Başlığın Kalan Strateji, Yunanistan, Kıbrıs/
Sorumluluk Tablosu, Vb İsmail Cem.
246 ## - UNVAN FORM VARYING
Başlık Doğru / Kısa Başlığı Strateji, Yunanistan, Kıbrıs
260 ## - YAYIN, DAĞITIM, VB
Yayın, Dağıtım, Vb Yeri İstanbul:
Yayıncı, Dağıtıcı, Vs Adı İstanbul Bilgi Üniversitesi,
Yayın, Dağıtım, Vb Tarihi 2004.
300 ## - FİZİKSEL TANIM
Kapsam 1c., 288 s.:
Boyutlar 23 sm.
440 ## - SERİSİ TABLOSU / KATMA GİRİŞİ - BAŞLIK
Başlık İstanbul Bilgi Üniversitesi Yayınları
Hacim / Ardışık Tanımı 68
490 ## - SERİSİ TABLOSU
Seri Beyanı Dün-Bugün;
Hacim / Ardışık Tanımı 2
504 ## - KAYNAKÇA VB NOT
Kaynakça Vb Notu Dizin vardır.
650 ## - KONU KATMA GİRİŞ - TOPİKAL DÖNEM
Topikal Süreli Veya Coğrafi Ad Giriş Elemanı Dış ilişkiler
Genel Alt Bölümü Türkiye
-- Avrupa
Kronolojik Alt Bölümü 1980-
650 #0 - KONU KATMA GİRİŞ - TOPİKAL DÖNEM
Topikal Süreli Veya Coğrafi Ad Giriş Elemanı Dış ilişkiler
Genel Alt Bölümü Türkiye
-- Avrasya
9 (RLIN) 360
740 ## - KATMA GİRİŞ - KONTROLSUZ İLGİLİ / ANALİTİK BAŞLIK
Kontrol Edilmeyen / İlgili Analitik Başlıktaki Strateji, Yunanistan, Kıbrıs
942 ## - EKLENDİ GİRİŞ ELEMANLARI (KOHA)
Koha Öğesi Türü Books
Holdings
Kalıcı Konum Mevcut Konum Edinme Tarihi Toplam Check-Out'Lar Tam Çağrı Numarası Barkod Tarih Son Görülme İtibaren Geçerli Fiyatlar Sigara Kamu Notu Koha Öğesi Türü
CHP Kütüphanesi CHP Kütüphanesi 12/05/2019   327.561 C35t 2004 013422 12/05/2019 12/05/2019 Ertuğrul Çepni bağışıdır. Books